000 00973nam a2200241 i 4500
001 182667
003 ES-MaACL
005 20250902225550.0
008 131009s2009 sp | |||||||| | spa d
020 _a978-84-92705-06-1
080 _a821.134.2-14"19"
100 1 _aRosales, Luis,
_d1910-1992
_999644
245 1 0 _aPorque la muerte no interrumpe nada /
_cLuis Rosales ; selección y prólogo de Félix Grande.
260 _aSevilla :
_bSibilina :
_bFundación BBVA,
_cimp. 2009.
300 _a227 p. ;
_c21 cm.
490 1 _aBiblioteca Sibila-Fundación BBVA de poesía en español. Antologías ;
_v13
700 1 _aGrande, Félix,
_d1937-2014
_959584
830 0 _aBiblioteca Sibila-Fundación BBVA de poesía en español. Antologías ;
_v13
_9224876
852 _aES-MaACL
_jA-12820
_9189584
_bR.149034
_cDEPO1
_dOlim: N-5820
_xDonación: Fundación BBVA
914 _aFundación BBVA
_ednr
_94230
942 _2udc
_cMONOGRAFIA
999 _c182667
_d182667